000 00338nam a2200157Ia 4500
001 32079
003 IN-NITTTR
005 20251114233427.0
008 251113s9999||||xx |||||||||||||| ||eng||
040 _beng
040 _cIN-NITTTR
041 _aeng
082 _a621.399 G1D
245 0 _aDigital image Processing /
942 _2ddc
_cBK
999 _c34709
_d34709